000 00671nam a22002057a 4500
008 260604b |||||||| |||| 00| 0 eng d
020 _a9781975180645
050 _aRG101
_b.O24 2024
100 _aCasanova Robert
245 _aBeckmann and Lings obstetrics and gynecology /
_cRobert Casanova ...[et al.].
250 _a9th ed.
260 _aPhiladelphia :
_bWolters Kluwer ,
_c2024
300 _axvii,507p. :
_bill. ;
_c28cm.
504 _aIncludes bibliographical references and index
650 _aObstetrics
700 _aHueppchen Nancy
700 _aWeiss Patrice M.
700 _aConnolly AnnaMarie
942 _2lcc
_hRG101 .O24 2024
_cBOOKS
999 _c32491
_d32491